Nghiên cứu và ứng dụng hormon côn trùng trong nông nghiệp
Đã lưu trong:
| Hovedforfatter: | |
|---|---|
| Format: | Bog |
| Sprog: | Undetermined |
| Udgivet: |
Thành phố Hồ Chí Minh
Nông nghiệp
2009
|
| Fag: | |
| Tags: |
Tilføj Tag
Ingen Tags, Vær først til at tagge denne postø!
|
| Thư viện lưu trữ: | Trung tâm Học liệu Trường Đại học Cần Thơ |
|---|
| LEADER | 00582nam a2200181Ia 4500 | ||
|---|---|---|---|
| 001 | CTU_167985 | ||
| 008 | 210402s9999 xx 000 0 und d | ||
| 082 | |a 632 | ||
| 082 | |b H108 | ||
| 100 | |a Nguyễn, Công Hào | ||
| 245 | 0 | |a Nghiên cứu và ứng dụng hormon côn trùng trong nông nghiệp | |
| 245 | 0 | |c Nguyễn Công Hào | |
| 260 | |a Thành phố Hồ Chí Minh | ||
| 260 | |b Nông nghiệp | ||
| 260 | |c 2009 | ||
| 650 | |a Pets,Côn trùng gây hại | ||
| 910 | |a Nguyên | ||
| 980 | |a Trung tâm Học liệu Trường Đại học Cần Thơ | ||